000 00938nam a2200217 i 4500
001 163667
003 ES-MaACL
005 20231228063243.0
008 030114s1831 sp |||| | spa d
080 _a821.134.2-14"18"
080 _a929 María Cristina (460)(0:82)
100 1 _aMolíns, Mariano Roca de Togores,
_cMarqués de,
_d1812-1889
_9130033
245 1 0 _aOda a la Reina nuestra señora /
_cpor Mariano Roca de Togores.
260 _aMadrid :
_b[s.n.],
_c1831 (
_fEn la Imp. Real)
300 _a10 p. ;
_c19 cm.
530 _aDisponible en formato digital.
600 0 4 _aMaría Cristina,
_cReina consorte de Fernando VII, Rey de España-
_vPoesías.
_9176283
852 4 _aES-MaACL
_jT-133-F-8
_z- Enc. hol.
_z- Enc. en un vol. facticio
_z- Ejemplar guillotinado afectando al tít..
856 4 _uhttp://bdh-rd.bne.es/viewer.vm?id=0000131300&page=1
_zBiblioteca Digital Hispánica
999 _c163667
_d163667